01266nam a2200301 a 4500008004100000020001800041040000800059092002300067100002900090245009200119250004600211260003000257300007400287500015700361653002300518653002000541653001100561653002600572653002600598653003200624653003500656653003400691700002700725700003100752942001200783999001500795952015400810210326b2007 sp ||||| |||| 00| 0 spa d1 a9788481749960 aspa c611.022 l87s YOK1 aRohen, Johannes W.91313 aAtlas de anatomia humana.bEstudio fotográfico del cuerpo humano /cJohannes W. Rohen a6a ed.bTraducción Dr. J. Nebot Cegarra aMadrid:bElsevier;c2007.1 a516 p.e1258 ilustraciones, 1147 en color, 111 radiografías, TCy RM aRohen, J. W., Yokochi, C. y Lutjen-Drecoll, E. (2007). Atlas de anatomía humana. Estudio fotográfico del cuerpo humano. (6a ed.). Madrid : Elsevier. aAnatomía general aCabeza y cuello aTronco aÓrganos torácicos aÓrganos abdominales aÓrganos retroperitoneales aMiembros (extremidad) superior aMiembro (extremidad) inferior1 aYokochi, Chihiro941411 aLutjen-Drecoll, Elke91773 2ddccBK c3106d3106 00102ddc4070aBFMbBFMcCRd2021-03-26eDonacionl16m2o611.022 87 YOKp4667r2024-09-25s2024-09-18tEj. 7w2021-03-26yBKzDonacion Dra. Polini